000 00613nam a2200241Ia 4500
003 OSt
005 20221005115524.0
006 a|||||r|||| 00| 0
007 ta
008 221004b |||||||| |||| 00| 0 tam d
024 _a52742
037 _cTextual
040 _aCRL
_cCRL
_btam
041 _2tam
_atam
082 _aY73(P31):1.D, 31J3
100 _aArumugachettiar
_9627667
245 0 _aChenthamizh valarththacerar
260 _c1956
300 _a103p.
_ccm.
650 _aSOCIOLOGY
942 _hY73(P31):1.D, 31J3
_cTEXL
_2cc
999 _c1035083
_d1035083